000 00832nam a2200229 a 4500
005 20180803165303.0
008 160304b2002 cr bd |r 00| 0 spa d
020 _a9968875112
040 _aCO-BoIAVH
_cCO-BoIAVH
041 0 _aspa
044 _acr
082 0 4 _a551.48
_bH63c
245 0 0 _aHidropolítica de las cuencas internacionales :
_bla dinámica de seguridad, conflicto y cooperación /
_ceditado por Alexander López Ramírez
260 _aSan Jose (Costa Rica) :
_bFUNPADEM,
_c2002.
300 _a32 páginas :
_bmapas y tablas ;
_c21 x 14 centímetros
650 6 _aCuencas hidrográficas
650 6 _aCuencas hidrográficas
_xpolítica de aguas
650 6 _aPolítica ambiental
650 4 _aHidropolítica
700 1 _aLópez Ramírez, Alexander
_eeditor
942 _cLIBRO
_2ddc
999 _c5576
_d5576